| 000 | 00453nam a22001577a 4500 | ||
|---|---|---|---|
| 003 | macl | ||
| 005 | 20240901121313.0 | ||
| 008 | 240901b |||||||| |||| 00| 0 eng d | ||
| 040 | _cMACL | ||
| 082 | _a741.462 | ||
| 100 | _aनिराला | ||
| 245 | _aभक्त प्रहलाद | ||
| 260 |
_aदिल्ली _bराजकमल प्रकाशन _c1992 |
||
| 650 | _aचिल्ड्रन बुक | ||
| 942 |
_2ddc _cHIN |
||
| 999 |
_c66978 _d66978 |
||